Rezidencia prezidenta SR
Salvato in:
| Autore principale: | |
|---|---|
| Altri autori: | |
| Natura: | Manoscritto Libro |
| Lingua: | slovacco |
| Pubblicazione: |
2020
|
| Soggetti: | |
| Accesso online: | http://is.stuba.sk/zp/portal_zp.pl?podrobnosti=152397 |
| Tags: |
Nessun Tag, puoi essere il primo ad aggiungerne!!
|
MARC
| LEADER | 00000ntm a22000003a 4500 | ||
|---|---|---|---|
| 001 | stuzp78896 | ||
| 003 | SK-STU | ||
| 005 | 20200613211721.4 | ||
| 007 | ta | ||
| 008 | 150427s2015----xo-----f-mn---000-0-slo-d | ||
| 040 | |a STU |b slo | ||
| 041 | 0 | |a slo | |
| 100 | 1 | |a Bátovská, Nikoleta |u 010310 |4 aut |U SvF Stavebná fakulta |T SvF Katedra architektúry |X 75507 |U V181|V310 |Y 19 |7 75507 | |
| 242 | 0 | 1 | |a Residence of the President of Slovak republic |y eng |
| 245 | 1 | 0 | |a Rezidencia prezidenta SR |
| 260 | |c 2020 | ||
| 650 | 4 | |a Slavín |2 slo | |
| 650 | 4 | |a prezidentská rezidencia |2 slo | |
| 650 | 4 | |a prezident |2 slo | |
| 650 | 4 | |a bývanie |2 slo | |
| 650 | 4 | |a presidential residence |2 eng | |
| 650 | 4 | |a President |2 eng | |
| 650 | 4 | |a housing |2 eng | |
| 650 | 4 | |a Slavín |2 eng | |
| 700 | 1 | |a Skoček, Iľja |4 ths |X 71168 |7 71168 | |
| 856 | 4 | |u http://is.stuba.sk/zp/portal_zp.pl?podrobnosti=152397 | |